Normal view
MARC view
- English Resource Book for COMMERICAL
Entry Topical Term
001 - CONTROL NUMBER
- control field: 2697
003 - CONTROL NUMBER IDENTIFIER
- control field: JO-AjAnu
005 - DATE AND TIME OF LATEST TRANSACTION
- control field: 20230606070739.0
008 - FIXED-LENGTH DATA ELEMENTS
- fixed length control field: 230606|| aca||aabn | a|a d
040 ## - CATALOGING SOURCE
- Original cataloging agency: JO-AjAnu
- Transcribing agency: JO-AjAnu
150 ## - HEADING--TOPICAL TERM
- Topical term or geographic name entry element: English Resource Book for COMMERICAL
670 ## - SOURCE DATA FOUND
- Source citation: Work cat.: (JO-AjAnu)1411: Henni,Mustapha, author 2696, English Resource Book for COMMERICAL